000 00372nam a2200157Ia 4500
003 Ost
005 20260225132554.0
008 260225s9999||||xx |||||||||||||| ||und||
040 _cfsic
041 _afre
082 _a440
100 _aJost François
_eAuteur
245 0 _aIntroduction à l'analyse de la télévision /
245 0 _cJost François
942 _cكتاب
999 _c34337
_d34337